European Heart Journal. Acute Cardiovascular Care

Bibliographic Details
Format: Electronic Journal
Language:English
Published: European Society of Cardiology
Subjects:
Online Access:Full text available on Oxford Academic
Off-campus access
LEADER 00978cas a2200205 a 4500
001 AALejournalOSO000113
008 230101c9999 xx r poo 0 0eng d
022 |a 2048-8726 
022 |a 2048-8734 
040 |a BD-DhAAL  |c BD-DhAAL 
245 0 0 |h [electronic resource]  |a European Heart Journal. Acute Cardiovascular Care 
260 |b European Society of Cardiology 
300 |a 1 online resource 
500 |a <strong>Off-Campus Access:</strong> Athens ID and Password Required 
500 |a <strong>On-Campus Access:</strong> No User ID or Password Required 
506 |a Electronic access restricted to authorized BRAC University faculty, staff and students 
538 |a Mode of access: Internet 
650 4 |a Critical CareCardiovascular Medicine,Acute Medicine 
856 4 0 |z Full text available on Oxford Academic  |u https://academic.oup.com/ehjacc/issue 
856 4 0 |z Off-campus access  |u https://go.openathens.net/redirector/bracu.ac.bd?url=https%3A%2F%2Facademic.oup.com%2Fehjacc%2Fissue